Football Teams Georgios Karagounis Played For - Statistics

General Stats
  • This quiz has been taken 13 times
  • The average score is 5 of 7
Answer Stats
League Years Team % Correct
Italy 2003-2005 Inter
90%
Portugal 2005-2007 SL Benfica
90%
Greece 1995-1996 Panathinaikos FC
80%
Greece 1998-2003 Panathinaikos FC
80%
Greece 2007-2012 Panathinaikos FC
80%
England 2012-2014 Fulham FC
50%
Greece 1996-1998 Apollon Smyrnis FC
30%
No matching quizzes found
Score Distribution
Percent of People with Each Score
Percentile by Number Answered
Your Score History
You have not taken this quiz